000
00293nam a2200121Ia 4500
005
20251222144717.0
008
251222s9999||||xx |||||||||||||| ||spa||
082
_a
510.332/A43
100
_a
Allen Murrugarra, AnÃbal
245
0
_a
Matemática Financiera
264
_b
San Marcos
942
_c
LIB
999
_c
18045
_d
18045